Making Bodies Kosher : The Politics of Reproduction among Haredi Jews in England.

Bibliographic Details
Main Author: Kasstan, Ben.
Format: eBook
Language:English
Published: New York, NY : Berghahn Books, Incorporated, 2019.
Edition:1st ed.
Series:Fertility, Reproduction and Sexuality: Social and Cultural Perspectives Series
Subjects:
Online Access:Click to View
LEADER 01681nam a22003853i 4500
001 EBC31498612
003 MiAaPQ
005 20240729202206.0
006 m o d |
007 cr cnu||||||||
008 240729s2019 xx o ||||0 eng d
020 |a 9781789202304  |q (electronic bk.) 
020 |z 9781789202281 
035 |a (MiAaPQ)EBC31498612 
035 |a (Au-PeEL)EBL31498612 
040 |a MiAaPQ  |b eng  |e rda  |e pn  |c MiAaPQ  |d MiAaPQ 
050 4 |a HV752.M3 K37 2019 
082 0 |a 362.1089/924042733 
100 1 |a Kasstan, Ben. 
245 1 0 |a Making Bodies Kosher :  |b The Politics of Reproduction among Haredi Jews in England. 
250 |a 1st ed. 
264 1 |a New York, NY :  |b Berghahn Books, Incorporated,  |c 2019. 
264 4 |c Ã2019. 
300 |a 1 online resource (288 pages) 
336 |a text  |b txt  |2 rdacontent 
337 |a computer  |b c  |2 rdamedia 
338 |a online resource  |b cr  |2 rdacarrier 
490 1 |a Fertility, Reproduction and Sexuality: Social and Cultural Perspectives Series ;  |v v.42 
588 |a Description based on publisher supplied metadata and other sources. 
590 |a Electronic reproduction. Ann Arbor, Michigan : ProQuest Ebook Central, 2024. Available via World Wide Web. Access may be limited to ProQuest Ebook Central affiliated libraries.  
655 4 |a Electronic books. 
776 0 8 |i Print version:  |a Kasstan, Ben  |t Making Bodies Kosher  |d New York, NY : Berghahn Books, Incorporated,c2019  |z 9781789202281 
797 2 |a ProQuest (Firm) 
830 0 |a Fertility, Reproduction and Sexuality: Social and Cultural Perspectives Series 
856 4 0 |u https://ebookcentral.proquest.com/lib/matrademy/detail.action?docID=31498612  |z Click to View